000 00731nam a2200265Ia 4500
003 OSt
005 20221006160054.0
006 a|||||r|||| 00| 0
007 ta
008 221006b |||||||| |||| 00| 0 eng d
020 _a9781905246052
_c
_97.76
024 _a44,205
037 _bGift, KCC (Window on Korea)
_cTextual
040 _aEASL
_cEASL
_beng
041 _2eng
_aeng
082 _aV495.N9, P5
100 _aKang Man-gil
_9671775
245 0 _aHistory of contemporary Korea
260 _aKent
_bGlobal Oriental UK
_c2005
300 _a374p.
_ccm.
490 _v KEL
650 _aKEL
942 _hV495.N9, P5
_cTEXL
_2CC
999 _c1112297
_d1112297